01096 2200241 4500001002100000005001500021035002000036008004100056020001900097041000800116082001100124084001700135100002100152245008700173250001200260260003200272300003600304500002300340520039000363650004400753650003800797700001900835INLIS00000000000094620221025020854 a0010-0520000946221025 | | eng  a'9780495008620 aeng a327.73 a327.73 ROS p0 aRosati, Jerel A.1 aThe Politics of United States Foreign Policy /cJerel A. Rosati and James M. Scott a4th ed. aBelmont :bRoutledge,c2007 axxiv, 596p. :b: illus. ;c24cm aIndeks : p.591-596 aThis political science text discusses the historical patterns of continuity and change, the president's ability to govern and the tension between the demands of democracy and national security. The text is filled with tools designed to make studying and learning difficult concept easy such as summaries, key assessments, questions, tables, figures, examples, and bibliographic essays. 4aUnited States - Politics and Government 4aUnited States - Foreign Relations0 aJames M. Scott